Llwytho...
Buckeye rot of tomato
| Prif Awdur: | |
|---|---|
| Awduron Eraill: | |
| Fformat: | Printed Book |
| Iaith: | Undetermined |
| Cyhoeddwyd: |
Himachal Pradesh
Dr .Y S Parmar university of horticulture and forestry
1998
|
| Pynciau: |
| LEADER | 00546nam a2200157Ia 4500 | ||
|---|---|---|---|
| 008 | 140316s9999 xx 000 0 und d | ||
| 082 | |a 632.3 |b SHY/BU | ||
| 100 | |a Shyam,K R | ||
| 245 | |a Buckeye rot of tomato | ||
| 260 | |a Himachal Pradesh |b Dr .Y S Parmar university of horticulture and forestry |c 1998 | ||
| 300 | |a 19 | ||
| 650 | |a Tomato | ||
| 700 | |a Gupta,S K | ||
| 942 | |2 ddc |c REF | ||
| 999 | |c 19226 |d 19226 | ||
| 952 | |0 0 |1 0 |2 ddc |4 0 |6 632_300000000000000_SHYBU |7 0 |9 27018 |a KAUCLV |b KAUCLV |c CLOSEDREF |d 2014-03-18 |o 632.3 SHY/BU |p 208084 |r 2014-03-18 |w 2014-03-18 |y REF | ||